LIBRARY & INFORMATION CENTRE, KCAET, TAVANUR

ONLINE PUBLIC ACCESS CATALOGUE (OPAC)

Water and man`s health / (Record no. 3140)

MARC details
000 -LEADER
fixed length control field 00411cam a2200157ua 4500
003 - CONTROL NUMBER IDENTIFIER
control field OSt
008 - FIXED-LENGTH DATA ELEMENTS--GENERAL INFORMATION
fixed length control field 250823b |||||||| |||| 00| 0 eng d
041 ## - LANGUAGE CODE
Language code of text/sound track or separate title eng
082 ## - DEWEY DECIMAL CLASSIFICATION NUMBER
Classification number 628.1
Item number MIL/WA
100 ## - MAIN ENTRY--AUTHOR NAME
Personal name Miller, Arthur P .
245 ## - TITLE STATEMENT
Title Water and man`s health /
250 ## - EDITION STATEMENT
Edition statement 1 /
260 ## - PUBLICATION, DISTRIBUTION, ETC. (IMPRINT)
Place of publication Washington D.C. :
Name of publisher Human Resource and Soacial Development Agency ,
Year of publication 1962.
300 ## - PHYSICAL DESCRIPTION
Number of Pages 92 ; .
942 ## - ADDED ENTRY ELEMENTS (KOHA)
Koha item type Books
Holdings
Withdrawn status Lost status Damaged status Home library Current library Date acquired Full call number Accession Number Koha item type Public note
Withdrawn     KAUAET KAUAET 07/04/2012 628.1 8209 Books  
      KAUAET KAUAET 07/04/2012 628.1 MIL/WA 8205 Books  
Withdrawn     KAUAET KAUAET 07/04/2012 628.1 8207 Books  
      KAUAET KAUAET 07/04/2012 628.1 MIL/WA 8213 Books  
      KAUAET KAUAET 07/04/2012 628.1 MIL/WA 8208 Books  
Withdrawn     KAUAET KAUAET 07/04/2012 628.1 8206 Books  
Withdrawn     KAUAET Malayalam University 07/04/2012 628.1 8211 Books Transferred to Malayalam University
Withdrawn     KAUAET Malayalam University 07/04/2012 628.1 8210 Books Transferred to Malayalam University
Withdrawn     KAUAET Malayalam University 07/04/2012 628.1 8214 Books Transferred to Malayalam University
Withdrawn     KAUAET Malayalam University 07/04/2012 628.1 8204 Books Transferred to Malayalam University
free website counter